[Event "Valasska Bystrice op 11th"]
[Site "Valasska Bystrice"]
[Date "2019.09.14"]
[Round "9"]
[White "Otrubova, Kristyna"]
[Black "Juracak, David"]
[Result "1-0"]
[WhiteElo "1712"]
[BlackElo "1493"]
[PlyCount "89"]
[EventDate "2019.09.07"]
[EventType "swiss"]
[EventRounds "9"]
[EventCountry "CZE"]
[SourceTitle "EXT 2020"]
[Source "ChessBase"]
[SourceDate "2019.10.17"]
[SourceVersion "1"]
[SourceVersionDate "2019.10.17"]
[SourceQuality "1"]

1. e4 e5 2. Nf3 Nf6 3. Nxe5 d6 4. Nf3 Nxe4 5. Nc3 Nxc3 6. dxc3 Nc6 7. Bf4 Be7 8. Qd2 Be6 9. Bd3 Qd7 10. Nd4 Nxd4 11. cxd4 Qc6 12. 0-0-0 Bxa2 13. Qe2 a6 14. Rhe1 Be6 15. Bf5 Qd7 16. Bxe6 fxe6 17. Qxe6 Qxe6 18. Rxe6 Kd7 19. Rde1 Rae8 20. d5 Rhf8 21. Bg3 Rf5 22. c4 Rf7 23. f3 Rc8 24. Kc2 c6 25. dxc6+ Rxc6 26. Kd3 Rc8 27. R6e4 Rc6 28. Bh4 Bxh4 29. Rxh4 h6 30. Rd4 Re7 31. Rxe7+ Kxe7 32. Rd5 Ke6 33. Kd4 Rb6 34. Kc3 Rc6 35. f4 b5 36. b3 Rc5 37. Rd4 d5 38. Kb4 Kd6 39. Rxd5+ Rxd5 40. cxd5 Kxd5 41. Ka5 Kd4 42. b4 g6 43. Kxa6 Kc4 44. Ka5 h5 45. g3 1-0

[Event "Valasska Bystrice op 11th"]
[Site "Valasska Bystrice"]
[Date "2019.09.09"]
[Round "4"]
[White "Otrubova, Kristyna"]
[Black "Ambros, Zdenek"]
[Result "1/2-1/2"]
[WhiteElo "1712"]
[BlackElo "1833"]
[PlyCount "80"]
[EventDate "2019.09.07"]
[EventType "swiss"]
[EventRounds "9"]
[EventCountry "CZE"]
[SourceTitle "EXT 2020"]
[Source "ChessBase"]
[SourceDate "2019.10.17"]
[SourceVersion "1"]
[SourceVersionDate "2019.10.17"]
[SourceQuality "1"]

1. e4 c5 2. Nf3 Nc6 3. Bb5 d6 4. Bxc6+ bxc6 5. 0-0 Bg4 6. d3 Nf6 7. Nbd2 g6 8. h3 Bxf3 9. Qxf3 Qc7 10. Nc4 Bg7 11. e5 dxe5 12. Nxe5 0-0 13. Re1 Nd5 14. Nc4 Rab8 15. Rb1 Rfe8 16. Bg5 e6 17. c3 Rb7 18. Nd2 Reb8 19. c4 Nb4 20. Ne4 Nc2 21. Nf6+ Kh8 22. Bf4 Nxe1 23. Rxe1 Qa5 24. Re4 Rxb2 25. Bxb8 Rb1+ 26. Kh2 Rxb8 27. Rh4 Qc7+ 28. g3 Bxf6 29. Qxf6+ Kg8 30. Re4 Rd8 31. d4 cxd4 32. Rxd4 Rxd4 33. Qxd4 c5 34. Qe4 Qa5 35. Qe2 Qb4 36. Qd3 a5 37. a3 Qb2 38. Kg2 a4 39. Qe3 Qd4 40. Qc1 Qd3 1/2-1/2

[Event "Ricany op-A"]
[Site "Ricany"]
[Date "2019.08.31"]
[Round "9"]
[White "Otrubova, Kristyna"]
[Black "Hampel, Rudolf"]
[Result "1-0"]
[WhiteElo "1712"]
[BlackElo "1660"]
[PlyCount "85"]
[EventDate "2019.08.24"]
[EventType "swiss"]
[EventRounds "9"]
[EventCountry "CZE"]
[SourceTitle "EXT 2020"]
[Source "ChessBase"]
[SourceDate "2019.10.17"]
[SourceVersion "1"]
[SourceVersionDate "2019.10.17"]
[SourceQuality "1"]

1. e4 c5 2. Nf3 e6 3. d3 Nc6 4. Nbd2 d5 5. g3 Be7 6. Bg2 Nf6 7. 0-0 0-0 8. e5 Ng4 9. Re1 Qc7 10. Qe2 f6 11. exf6 Bxf6 12. Nf1 h6 13. c3 Nge5 14. Nxe5 Bxe5 15. Ne3 Bd6 16. Bd2 Bd7 17. Rf1 Rae8 18. Bf3 Ne7 19. Bh5 Rd8 20. Ng2 Rf6 21. Rae1 e5 22. f4 Nc6 23. fxe5 Bxe5 24. Rxf6 Bxf6 25. Bf4 Qc8 26. Qf3 Bf5 27. Ne3 Qe6 28. Re2 Bxd3 29. Rd2 Be4 30. Qf2 b6 31. Re2 d4 32. Ng4 d3 33. Nxf6+ gxf6 34. Rd2 Qxa2 35. Bxh6 Qb1+ 36. Rd1 Qc2 37. Rd2 Qc1+ 38. Bd1 f5 39. Qf4 Rd7 40. Qg5+ Kh8 41. Qf6+ Kh7 42. Rxd3 Bxd3 43. Bxc1 1-0

[Event "Ricany op-A"]
[Site "Ricany"]
[Date "2019.08.29"]
[Round "7"]
[White "Otrubova, Kristyna"]
[Black "Strnad, Michael"]
[Result "1-0"]
[WhiteElo "1712"]
[BlackElo "1726"]
[PlyCount "55"]
[EventDate "2019.08.24"]
[EventType "swiss"]
[EventRounds "9"]
[EventCountry "CZE"]
[SourceTitle "EXT 2020"]
[Source "ChessBase"]
[SourceDate "2019.10.17"]
[SourceVersion "1"]
[SourceVersionDate "2019.10.17"]
[SourceQuality "1"]

1. e4 c5 2. Nf3 e6 3. d3 Nc6 4. Nbd2 Qc7 5. g3 d5 6. Bg2 Nf6 7. 0-0 Be7 8. Re1 0-0 9. e5 Nd7 10. Qe2 b5 11. c3 a5 12. Nf1 b4 13. h4 bxc3 14. bxc3 Rb8 15. h5 Re8 16. h6 g6 17. N1h2 a4 18. Ng4 Ba6 19. Ng5 Qd8 20. Nh3 Qa5 21. Bd2 Rb2 22. Rad1 Qc7 23. Bxd5 exd5 24. e6 Nf8 25. exf7+ Kxf7 26. Qf3+ Kg8 27. Qxd5+ Kh8 28. Qf7 1-0

[Event "Ricany op-A"]
[Site "Ricany"]
[Date "2019.08.25"]
[Round "2"]
[White "Reljic, Michael"]
[Black "Otrubova, Kristyna"]
[Result "1-0"]
[WhiteElo "1890"]
[BlackElo "1712"]
[PlyCount "69"]
[EventDate "2019.08.24"]
[EventType "swiss"]
[EventRounds "9"]
[EventCountry "CZE"]
[SourceTitle "EXT 2020"]
[Source "ChessBase"]
[SourceDate "2019.10.17"]
[SourceVersion "1"]
[SourceVersionDate "2019.10.17"]
[SourceQuality "1"]

1. e4 c5 2. Nf3 d6 3. c3 Nf6 4. Be2 Nc6 5. d3 e6 6. 0-0 Be7 7. b3 0-0 8. Nbd2 e5 9. h3 d5 10. exd5 Nxd5 11. Qc2 Nf4 12. Nc4 Ng6 13. Bb2 Qc7 14. d4 exd4 15. cxd4 cxd4 16. Nxd4 Nxd4 17. Bxd4 Bd7 18. Qb2 f6 19. Rac1 Bc6 20. Ne3 Nf4 21. b4 Nxe2+ 22. Qxe2 Qf4 23. Qc4+ Kh8 24. b5 Be4 25. f3 Bg6 26. Nd5 Qd6 27. Nxe7 Qxe7 28. Bc5 Qe5 29. Bxf8 Qe3+ 30. Kh1 Rxf8 31. Qc5 Qxc5 32. Rxc5 Re8 33. Rfc1 Kg8 34. Rc8 a6 35. b6 1-0

[Event "CZE-chT U18 Extraliga West 1819"]
[Site "Czech Republic"]
[Date "2018.10.07"]
[Round "4.5"]
[White "Habenicht, Martin"]
[Black "Otrubova, Kristyna"]
[Result "1/2-1/2"]
[WhiteElo "1729"]
[BlackElo "1701"]
[PlyCount "98"]
[EventDate "2018.10.05"]
[EventType "team-tourn"]
[EventRounds "11"]
[EventCountry "CZE"]
[SourceTitle "EXT 2023"]
[Source "ChessBase"]
[SourceDate "2022.10.05"]
[SourceVersion "1"]
[SourceVersionDate "2022.10.05"]
[SourceQuality "1"]
[WhiteTeam "Novoborsky U18"]
[BlackTeam "Ricany (U18)"]
[WhiteTeamCountry "CZE"]
[BlackTeamCountry "CZE"]

1. d4 Nf6 2. Nf3 g6 3. c4 Bg7 4. Nc3 0-0 5. g3 d6 6. Bg2 Nc6 7. 0-0 e5 8. d5 Ne7 9. e4 Nd7 10. Nh4 f5 11. f4 exf4 12. Bxf4 Ne5 13. Qe2 fxe4 14. Nxe4 Nf5 15. Nxf5 Bxf5 16. Rac1 Qe7 17. Rfe1 Rae8 18. Qd2 Rf7 19. Bxe5 Bxe5 20. Ng5 Rff8 21. Nf3 Qf6 22. Nxe5 Rxe5 23. Rxe5 Qxe5 24. Re1 Qf6 25. b4 Bd7 26. Rf1 Qe7 27. Rxf8+ Qxf8 28. Qe3 Qf6 29. h4 a6 30. Kh2 Kg7 31. a3 h6 32. c5 Bb5 33. Qe6 Qxe6 34. dxe6 b6 35. cxb6 cxb6 36. Bd5 Kf6 37. Kg2 a5 38. Kf3 Ba6 39. Be4 g5 40. hxg5+ hxg5 41. Bd5 Bd3 42. Ke3 Bf5 43. Kd4 Bxe6 44. Be4 Bf5 45. Bf3 axb4 46. axb4 Be6 47. Be4 Bf5 48. Bd5 Be6 49. Be4 Ke7 1/2-1/2

[Event "Ricany op-A"]
[Site "Ricany"]
[Date "2018.09.01"]
[Round "9"]
[White "Otrubova, Kristyna"]
[Black "Lhotska, Anna"]
[Result "1/2-1/2"]
[WhiteElo "1651"]
[BlackElo "1688"]
[PlyCount "45"]
[EventDate "2018.08.25"]
[EventType "swiss"]
[EventRounds "9"]
[EventCountry "CZE"]
[SourceTitle "EXT 2020"]
[Source "ChessBase"]
[SourceDate "2019.10.17"]
[SourceVersion "1"]
[SourceVersionDate "2019.10.17"]
[SourceQuality "1"]

1. e4 c5 2. Nf3 e6 3. d4 cxd4 4. Nxd4 a6 5. Nc3 Qc7 6. Be2 Nf6 7. 0-0 b5 8. a3 Bb7 9. f3 Bd6 10. g3 h5 11. Be3 Bc5 12. Qd2 h4 13. g4 h3 14. Nb3 Bxe3+ 15. Qxe3 d5 16. exd5 Nxd5 17. Nxd5 Bxd5 18. Rad1 Bc6 19. Rd2 Nd7 20. Rfd1 Rh6 21. Rd6 Rc8 22. Qd4 Rf6 23. Rd2 1/2-1/2

[Event "CZE-chT U18 Extraliga West 1718"]
[Site "Czech Republic"]
[Date "2018.01.20"]
[Round "6.6"]
[White "Otrubova, Kristyna"]
[Black "Stanke, Petr"]
[Result "1-0"]
[WhiteElo "1768"]
[BlackElo "1345"]
[PlyCount "35"]
[EventDate "2017.10.07"]
[EventType "team-tourn"]
[EventRounds "11"]
[EventCountry "CZE"]
[SourceTitle "EXT 2023"]
[Source "ChessBase"]
[SourceDate "2022.10.05"]
[SourceVersion "1"]
[SourceVersionDate "2022.10.05"]
[SourceQuality "1"]
[WhiteTeam "Ricany (U18)"]
[BlackTeam "Praha Promat Oaza (U18)"]
[WhiteTeamCountry "CZE"]
[BlackTeamCountry "CZE"]

1. d4 d5 2. c4 e6 3. Nf3 f5 4. Nc3 Nf6 5. e3 c6 6. Be2 Bd6 7. 0-0 Nbd7 8. c5 Bc7 9. Ng5 Qe7 10. f4 b6 11. b4 a5 12. Qa4 Bb7 13. b5 cxb5 14. Nxb5 Bb8 15. cxb6 Bd6 16. Nc7+ Bxc7 17. bxc7 Bc8 18. Ba3 1-0

[Event "Ricany op-A"]
[Site "Ricany"]
[Date "2017.08.27"]
[Round "2"]
[White "Vlkova, Anezka"]
[Black "Otrubova, Kristyna"]
[Result "1/2-1/2"]
[WhiteElo "1914"]
[BlackElo "1758"]
[PlyCount "58"]
[EventDate "2017.08.26"]
[EventType "swiss"]
[EventRounds "9"]
[EventCountry "CZE"]
[SourceTitle "CBM 180 Extra"]
[Source "ChessBase"]
[SourceDate "2017.10.06"]
[SourceVersion "1"]
[SourceVersionDate "2017.10.06"]
[SourceQuality "1"]

1. e4 c5 2. Nc3 Nc6 3. g3 g6 4. Bg2 Bg7 5. d3 e6 6. Be3 d6 7. f4 Nge7 8. Nf3 0-0 9. 0-0 b6 10. g4 Ba6 11. Rb1 d5 12. exd5 exd5 13. Ne2 d4 14. Bd2 Qd7 15. h3 Rae8 16. Ng3 f5 17. g5 Nd5 18. Qc1 c4 19. dxc4 Bxc4 20. Re1 Bxa2 21. Ra1 Bc4 22. Bf1 Bxf1 23. Kxf1 Rxe1+ 24. Qxe1 Re8 25. Qc1 Ne3+ 26. Kf2 Nc4 27. Qf1 Nxd2 28. Nxd2 Ne7 29. Qc4+ Kf8 1/2-1/2

[Event "Ricany op-A"]
[Site "Ricany"]
[Date "2017.08.26"]
[Round "1"]
[White "Steiner, Juraj"]
[Black "Otrubova, Kristyna"]
[Result "1-0"]
[WhiteElo "2022"]
[BlackElo "1758"]
[PlyCount "93"]
[EventDate "2017.08.26"]
[EventType "swiss"]
[EventRounds "9"]
[EventCountry "CZE"]
[SourceTitle "CBM 180 Extra"]
[Source "ChessBase"]
[SourceDate "2017.10.06"]
[SourceVersion "1"]
[SourceVersionDate "2017.10.06"]
[SourceQuality "1"]

1. d4 Nf6 2. c4 g6 3. Nc3 Bg7 4. Nf3 d6 5. Bg5 0-0 6. e3 c6 7. Be2 Qc7 8. 0-0 e5 9. Rc1 Ne8 10. dxe5 dxe5 11. Bd8 Qd7 12. Qxd7 Nxd7 13. Be7 f5 14. Bxf8 Kxf8 15. Rfd1 Ke7 16. b4 e4 17. Nd4 Ne5 18. c5 Bd7 19. Na4 Nc7 20. Nc3 Be8 21. a3 Bf7 22. f4 exf3 23. gxf3 Nd5 24. Nxd5+ Bxd5 25. f4 Nd7 26. Kf2 Nf6 27. Bf3 Ne4+ 28. Bxe4 Bxe4 29. a4 h6 30. Rd2 g5 31. h3 Kf6 32. Rg1 Rg8 33. Nf3 Bf8 34. Rd7 g4 35. Rxb7 Bxf3 36. hxg4 fxg4 37. Rxa7 Bd5 38. a5 h5 39. a6 Be7 40. e4 Bxe4 41. Re1 g3+ 42. Kg1 Bxc5+ 43. bxc5 Bd5 44. Rh7 Ra8 45. a7 Kg6 46. Rhe7 Kf5 47. Rb7 1-0

[Event "CZE-chT U18 Extraliga final-A 1617"]
[Site "Czech Republic"]
[Date "2017.04.22"]
[Round "10.6"]
[White "Neumann, Filip"]
[Black "Otrubova, Kristyna"]
[Result "1-0"]
[WhiteElo "1730"]
[BlackElo "1649"]
[PlyCount "119"]
[EventDate "2016.10.01"]
[EventType "team-tourn"]
[EventRounds "11"]
[EventCountry "CZE"]
[SourceTitle "EXT 2022"]
[Source "ChessBase"]
[SourceDate "2021.10.06"]
[SourceVersion "1"]
[SourceVersionDate "2021.10.06"]
[SourceQuality "1"]
[WhiteTeam "Orlova Slavia U18"]
[BlackTeam "Ricany U18"]
[WhiteTeamCountry "CZE"]
[BlackTeamCountry "CZE"]

1. e4 c5 2. Nf3 d6 3. d4 cxd4 4. Nxd4 Nc6 5. Be3 Nf6 6. Nc3 g6 7. Bc4 Bg7 8. f3 Bd7 9. Qd2 Rc8 10. Bb3 Ne5 11. 0-0-0 Nc4 12. Bxc4 Rxc4 13. g4 h5 14. g5 Nh7 15. h4 Qa5 16. Kb1 Nf8 17. Nb3 Qb4 18. Bxa7 Ne6 19. Nd5 Qxd2 20. Rxd2 Ra4 21. Be3 Bc6 22. Rhd1 Bxd5 23. Rxd5 0-0 24. a3 Rc8 25. Rb5 Rac4 26. c3 Nd8 27. Bb6 Nc6 28. Na5 Nxa5 29. Bxa5 Rb8 30. Bb6 Rbc8 31. Bd4 Bxd4 32. Rxd4 Rxd4 33. cxd4 Rc7 34. Rb3 Rd7 35. Kc2 Kg7 36. Rc3 f6 37. f4 e5 38. gxf6+ Kxf6 39. fxe5+ dxe5 40. Rf3+ Ke6 41. d5+ Ke7 42. Kb3 Rd6 43. Kc4 Ra6 44. b4 Rd6 45. Kc5 b6+ 46. Kb5 Ke8 47. Ka6 Ke7 48. Kb7 b5 49. Kc7 Ra6 50. Kb7 Rd6 51. Rf2 Kd8 52. Rf8+ Kd7 53. Rf7+ Kd8 54. Rc7 Rf6 55. Rc6 Rf4 56. Rxg6 Rxe4 57. Kc6 Rxh4 58. Rg8+ Ke7 59. d6+ Ke6 60. Re8+ 1-0

[Event "CZE-ch U14 Girls"]
[Site "Kouty nad Desnou"]
[Date "2017.03.16"]
[Round "7"]
[White "Koubova, Anna Marie"]
[Black "Otrubova, Kristyna"]
[Result "1/2-1/2"]
[WhiteElo "1921"]
[BlackElo "1604"]
[PlyCount "84"]
[EventDate "2017.03.11"]
[EventType "swiss"]
[EventRounds "9"]
[EventCountry "CZE"]
[SourceTitle "CBM 177 Extra"]
[Source "ChessBase"]
[SourceDate "2017.04.27"]
[SourceVersion "1"]
[SourceVersionDate "2017.04.27"]
[SourceQuality "1"]

1. d4 d5 2. Nf3 Nc6 3. g3 Bf5 4. Bg2 Qd7 5. h3 f6 6. c3 g5 7. Nfd2 0-0-0 8. e4 dxe4 9. Nxe4 e5 10. d5 Bxe4 11. Bxe4 f5 12. Bf3 Nce7 13. Bxg5 e4 14. Bg2 Qxd5 15. Qxd5 Rxd5 16. Nd2 Nc6 17. Be3 Nf6 18. g4 fxg4 19. Nxe4 Nxe4 20. Bxe4 Re5 21. Bxc6 bxc6 22. hxg4 Bc5 23. Ke2 Rhe8 24. Rh3 Re4 25. Rg3 R8e7 26. Kd3 Bxe3 27. fxe3 Kd7 28. Rh1 Ra4 29. a3 Rg7 30. Rh4 Kd6 31. e4 Ke5 32. Rf3 Rd7+ 33. Kc2 Kxe4 34. Rf6 Ra6 35. g5+ Ke5 36. Rh1 Rg7 37. Re1+ Kd5 38. Rf5+ Kd6 39. Re4 Rb6 40. Ra4 a6 41. Rf6+ Kd7 42. Ra5 Rb5 1/2-1/2

[Event "CZE-chT U18 Extraliga West 1617"]
[Site "Czech Republic"]
[Date "2016.10.02"]
[Round "3.6"]
[White "Skypala, Ondrej"]
[Black "Otrubova, Kristyna"]
[Result "1-0"]
[WhiteElo "1757"]
[BlackElo "1649"]
[PlyCount "41"]
[EventDate "2016.10.01"]
[EventType "team-tourn"]
[EventRounds "11"]
[EventCountry "CZE"]
[SourceTitle "EXT 2022"]
[Source "ChessBase"]
[SourceDate "2021.10.06"]
[SourceVersion "1"]
[SourceVersionDate "2021.10.06"]
[SourceQuality "1"]
[WhiteTeam "Praha Kobylisy U18"]
[BlackTeam "Ricany U18"]
[WhiteTeamCountry "CZE"]
[BlackTeamCountry "CZE"]

1. e4 c5 2. d4 cxd4 3. c3 dxc3 4. Nxc3 Nc6 5. Bc4 e6 6. Nf3 Nge7 7. Bg5 h6 8. Bh4 a6 9. 0-0 b5 10. Bxb5 Qb6 11. Bxc6 Nxc6 12. Nd5 Qb7 13. Re1 Bc5 14. Rc1 Ba7 15. Rxc6 Qxc6 16. Ne5 Qb7 17. Nxf7 Bxf2+ 18. Bxf2 Kxf7 19. Qf3+ Kg8 20. Ne7+ Kh7 21. Qf7 1-0

[Event "CZE-chT U18 Extraliga West 1617"]
[Site "Czech Republic"]
[Date "2016.10.01"]
[Round "1.6"]
[White "Korenova, Magdalena"]
[Black "Otrubova, Kristyna"]
[Result "0-1"]
[WhiteElo "1461"]
[BlackElo "1649"]
[PlyCount "128"]
[EventDate "2016.10.01"]
[EventType "team-tourn"]
[EventRounds "11"]
[EventCountry "CZE"]
[SourceTitle "EXT 2022"]
[Source "ChessBase"]
[SourceDate "2021.10.06"]
[SourceVersion "1"]
[SourceVersionDate "2021.10.06"]
[SourceQuality "1"]
[WhiteTeam "Praha Bohemians U18"]
[BlackTeam "Ricany U18"]
[WhiteTeamCountry "CZE"]
[BlackTeamCountry "CZE"]

1. e4 c5 2. d4 cxd4 3. c3 dxc3 4. Nxc3 Nc6 5. Bc4 e6 6. Be3 a6 7. Nge2 Nge7 8. 0-0 b5 9. Bb3 Ng6 10. Qc2 Be7 11. f4 Bb7 12. Rad1 Qc7 13. a3 0-0 14. Ng3 Rac8 15. Qe2 Na5 16. Ba2 Bf6 17. e5 Be7 18. Qf2 Nc4 19. Bxc4 bxc4 20. Rd2 d5 21. exd6 Bxd6 22. Nce4 Be7 23. f5 exf5 24. Qxf5 Qe5 25. Qg4 f5 26. Rxf5 Rxf5 27. Qxf5 Qxf5 28. Nxf5 Bxe4 29. Nxe7+ Nxe7 30. Bg5 Nd5 31. Rd4 Re8 32. Rxc4 h6 33. Bd2 Kf7 34. Rc6 Re6 35. Rc5 Nf6 36. b4 Bxg2 37. Bxh6 gxh6 38. Kxg2 Re2+ 39. Kg1 Nd7 40. Rc6 Re6 41. Rc3 Re5 42. Rf3+ Ke7 43. Rh3 Re6 44. Kf2 Ne5 45. Rg3 Kd6 46. Rc3 Kd5 47. Rc5+ Kd4 48. Kg3 Rg6+ 49. Kh3 Ke4 50. b5 axb5 51. Rxb5 Ra6 52. Rb4+ Kd5 53. a4 Nd3 54. Rb5+ Nc5 55. a5 Kc4 56. Rb6 Rxa5 57. Rxh6 Ne4 58. Kg4 Kd4 59. h4 Re5 60. Kf4 Kd5 61. Rh8 Nf6 62. Rh6 Ke6 63. Rh8 Rf5+ 64. Kg3 Kf7 0-1

[Event "CZE-chT U18 Extraliga final-B 1516"]
[Site "Czech Republic"]
[Date "2016.04.23"]
[Round "10.6"]
[White "Otrubova, Kristyna"]
[Black "Bilek, Marek"]
[Result "1/2-1/2"]
[WhiteElo "1557"]
[BlackElo "1295"]
[PlyCount "59"]
[EventDate "2015.10.03"]
[EventType "team-tourn"]
[EventRounds "11"]
[EventCountry "CZE"]
[SourceTitle "EXT 2022"]
[Source "ChessBase"]
[SourceDate "2021.10.06"]
[SourceVersion "1"]
[SourceVersionDate "2021.10.06"]
[SourceQuality "1"]
[WhiteTeam "Ricany U18"]
[BlackTeam "Polabiny U18 II"]
[WhiteTeamCountry "CZE"]
[BlackTeamCountry "CZE"]

1. d4 d5 2. c4 e6 3. Nc3 Nf6 4. cxd5 exd5 5. Bg5 c6 6. e3 Bb4 7. Bd3 0-0 8. Nge2 Re8 9. 0-0 Nbd7 10. Qc2 Nf8 11. a3 Bd6 12. f3 Ng6 13. e4 dxe4 14. fxe4 Be7 15. Bc4 Rf8 16. Qb3 b5 17. Bxf6 Bxf6 18. Bxf7+ Rxf7 19. e5 Nf8 20. exf6 Be6 21. Qc2 Rxf6 22. Rxf6 Qxf6 23. Rf1 Qe7 24. Qe4 Qe8 25. Re1 Bd5 26. Qh4 Ng6 27. Qg3 Qd7 28. Nxd5 Qxd5 29. Rc1 Re8 30. Qf2 1/2-1/2

[Event "CZE-chT U18 Extraliga final-B 1516"]
[Site "Czech Republic"]
[Date "2016.04.22"]
[Round "8.6"]
[White "Otrubova, Kristyna"]
[Black "Fryda, Dominik1111"]
[Result "1-0"]
[WhiteElo "1557"]
[BlackElo "1700"]
[PlyCount "95"]
[EventDate "2015.10.03"]
[EventType "team-tourn"]
[EventRounds "11"]
[EventCountry "CZE"]
[SourceTitle "EXT 2022"]
[Source "ChessBase"]
[SourceDate "2021.10.06"]
[SourceVersion "1"]
[SourceVersionDate "2021.10.06"]
[SourceQuality "1"]
[WhiteTeam "Ricany U18"]
[BlackTeam "Brno Lokomotiva U18"]
[WhiteTeamCountry "CZE"]
[BlackTeamCountry "CZE"]

1. d4 e6 2. c4 Nf6 3. Nc3 Bb4 4. Qc2 c5 5. e3 Nc6 6. Nf3 0-0 7. Bd3 b6 8. 0-0 Bxc3 9. Qxc3 Bb7 10. dxc5 bxc5 11. a3 Qc7 12. b4 Ne7 13. Be2 Rac8 14. Bb2 d5 15. Rac1 cxb4 16. Qxb4 Nc6 17. Qc3 dxc4 18. Qxc4 Qe7 19. Qb5 Rc7 20. Ne5 Rfc8 21. Rfd1 Nd5 22. Bg4 Qg5 23. Rxd5 a6 24. Qb6 f5 25. f4 Qe7 26. Rdd1 fxg4 27. Nxc6 Rxc6 28. Rxc6 Rxc6 29. Qd8+ Qxd8 30. Rxd8+ Kf7 31. Rd7+ Kg6 32. Rxb7 Rc2 33. Rxg7+ Kf5 34. Rg5+ Ke4 35. Bd4 Ra2 36. Ra5 Kd3 37. Kf1 Rc2 38. Rc5 Rd2 39. Rc3+ Ke4 40. Rb3 h5 41. Rb2 Rd3 42. Ra2 h4 43. Kf2 Rb3 44. Bc5 Rc3 45. Be7 h3 46. gxh3 gxh3 47. Bg5 Rxe3 48. Re2 1-0

[Event "CZE-ch U12 Girls"]
[Site "Kouty nad Desnou"]
[Date "2015.03.14"]
[Round "9"]
[White "Otrubova, Kristyna"]
[Black "Jordova, Zdenka"]
[Result "1-0"]
[WhiteElo "1362"]
[BlackElo "1056"]
[PlyCount "107"]
[EventDate "2015.03.07"]
[EventType "swiss"]
[EventRounds "9"]
[EventCountry "CZE"]
[SourceTitle "EXT 2017"]
[Source "ChessBase"]
[SourceDate "2016.10.25"]
[SourceVersion "1"]
[SourceVersionDate "2016.10.25"]
[SourceQuality "1"]

1. d4 d5 2. c4 c6 3. Nc3 Nf6 4. cxd5 cxd5 5. Bg5 e6 6. e3 Be7 7. Bd3 0-0 8. Nge2 Nc6 9. a3 Bd7 10. 0-0 Rc8 11. Qc2 g6 12. f3 Qc7 13. h3 Rfe8 14. e4 Nh5 15. Bxe7 Rxe7 16. exd5 Na5 17. dxe6 Bxe6 18. d5 Bd7 19. Rfe1 Rxe2 20. Rxe2 Ng3 21. Re7 Qc5+ 22. Qf2 Qxe7 23. Qxg3 Qe3+ 24. Qf2 Qxd3 25. Qxa7 Qa6 26. Qxa6 bxa6 27. Ne4 Bf5 28. b4 Bxe4 29. fxe4 Nb3 30. Rd1 Rc1 31. Rxc1 Nxc1 32. Kf2 Nd3+ 33. Ke3 Ne5 34. Kd4 f6 35. Kc5 Nd3+ 36. Kc6 Ne5+ 37. Kb6 Nc4+ 38. Kxa6 Nxa3 39. b5 Nc4 40. b6 Nd6 41. b7 Nxb7 42. Kxb7 Kf7 43. Kc7 f5 44. exf5 gxf5 45. d6 Ke8 46. d7+ Ke7 47. d8Q+ Ke6 48. Qd6+ Kf7 49. Kd7 Kg8 50. Qf6 h5 51. Ke7 h4 52. Qg6+ Kh8 53. Kf7 f4 54. Qh6# 1-0

[Event "CZE-ch U12 Girls"]
[Site "Kouty nad Desnou"]
[Date "2015.03.07"]
[Round "1"]
[White "Otrubova, Kristyna"]
[Black "Korenova, Karolina"]
[Result "0-1"]
[WhiteElo "1362"]
[BlackElo "1055"]
[PlyCount "92"]
[EventDate "2015.03.07"]
[EventType "swiss"]
[EventRounds "9"]
[EventCountry "CZE"]
[SourceTitle "EXT 2017"]
[Source "ChessBase"]
[SourceDate "2016.10.25"]
[SourceVersion "1"]
[SourceVersionDate "2016.10.25"]
[SourceQuality "1"]

1. d4 d5 2. c4 dxc4 3. Nc3 Nf6 4. e4 e5 5. dxe5 Qxd1+ 6. Kxd1 Ng4 7. Ke1 Nxe5 8. f4 Ng6 9. Bxc4 Bb4 10. Nge2 0-0 11. a3 Ba5 12. b4 Bb6 13. Bb2 Bg4 14. h3 Be6 15. Nd5 Bxd5 16. Bxd5 Nc6 17. Bxc6 bxc6 18. Rc1 Rfe8 19. e5 Ne7 20. g4 a5 21. Nd4 Bxd4 22. Bxd4 axb4 23. axb4 Ng6 24. Rf1 Ne7 25. Ke2 Red8 26. Ra1 Nd5 27. Rxa8 Rxa8 28. Bc5 g6 29. f5 Re8 30. Kd2 Rxe5 31. Re1 Rxe1 32. Kxe1 gxf5 33. gxf5 Kg7 34. Bd4+ Kh6 35. Bc5 Kg5 36. Kf2 Kxf5 37. Kf3 f6 38. Bf8 Ke5 39. Bc5 Nf4 40. h4 Nd3 41. Be7 Ne1+ 42. Kg4 f5+ 43. Kh5 f4 44. Kg4 f3 45. Kg3 Ke4 46. Bc5 Nd3 0-1